000
00299nam a2200109Ia 4500
008
160531s9999 xx 000 0 und d
100
_a
Nikolaev, Igor.
245
_a
Notes on Noncommutative Geometry
245
_c
by Igor Nikolaev
260
_c
2015
856
_u
http://arxiv.org/pdf/1503.05411v1.pdf
999
_c
295133
_d
295133